[Event "Sao Manuel op 1st"]
[Site "Sao Manuel"]
[Date "2023.09.23"]
[Round "1"]
[White "Correa, Bruno Leite"]
[Black "Moretto, Nicholas Silva"]
[Result "0-1"]
[WhiteElo "1478"]
[BlackElo "1800"]
[PlyCount "42"]
[EventDate "2023.09.23"]
[EventType "swiss"]
[EventRounds "5"]
[EventCountry "BRA"]
[SourceTitle "CBM 216 Extra"]
[Source "ChessBase"]
[SourceDate "2023.11.30"]
[SourceVersion "1"]
[SourceVersionDate "2023.11.30"]
[SourceQuality "1"]

1. e4 e6 2. d4 d5 3. exd5 exd5 4. c4 Nf6 5. Nf3 c5 6. Nc3 Nc6 7. dxc5 Bxc5 8. Nxd5 Nxd5 9. Qxd5 Qa5+ 10. Bd2 Qb6 11. 0-0-0 Bxf2 12. Ng5 0-0 13. Bd3 g6 14. Rhf1 Bg4 15. Nf3 Rad8 16. c5 Bxc5 17. Qc4 Bxf3 18. gxf3 Ne5 19. Kb1 Nxc4 20. Bxc4 Ba3 21. Bb3 Be7 0-1